banner

Osteartrosis: (Registro nro. 1710)

000 -LEADER
fixed length control field 01350nam a2200241 a 4500
003 - CONTROL NUMBER IDENTIFIER
control field AR-BaISA
005 - DATE AND TIME OF LATEST TRANSACTION
control field 20241106181449.0
006 - FIXED-LENGTH DATA ELEMENTS--ADDITIONAL MATERIAL CHARACTERISTICS
fixed length control field aado fr|||| 000 0
007 - PHYSICAL DESCRIPTION FIXED FIELD--GENERAL INFORMATION
fixed length control field ta
008 - FIXED-LENGTH DATA ELEMENTS--GENERAL INFORMATION
fixed length control field 241106s2004 ag ado|f |||| 000 0 spa d
020 ## - INTERNATIONAL STANDARD BOOK NUMBER
International Standard Book Number 2915818029
020 ## - INTERNATIONAL STANDARD BOOK NUMBER
International Standard Book Number 8401655 (Obra Completa)
040 ## - CATALOGING SOURCE
Language of cataloging spa
Transcribing agency AR-BaISA
082 04 - DEWEY DECIMAL CLASSIFICATION NUMBER
Edition number 22
Classification number 616.722 3 Ex71
245 ## - TITLE STATEMENT
Title Osteartrosis:
Remainder of title preguntas y respuestas
260 ## - PUBLICATION, DISTRIBUTION, ETC.
Place of publication, distribution, etc. [París]:
Name of publisher, distributor, etc. Expascience,
Date of publication, distribution, etc. 2004
300 ## - PHYSICAL DESCRIPTION
Extent 27 p.:
Other physical details il., graf., tablas. fotos
500 ## - GENERAL NOTE
General note Contiene un señalador integrado al final de la obra.
505 ## - FORMATTED CONTENTS NOTE
Title Osteartrosis: enfermedad de las articulaciones con características individuales --
-- Las "trampas" radiológicas latentes --
-- El concepto de osteoartrosis primaria --
-- Cuando no existen signos radiológicos, ¿no hay osteoartrosis? --
-- Diagnóstico precoz de osteoartrosis --
-- Topografía de la osteoartrosis --
-- Epidemiología --
-- Disparidades radio-clínicas --
-- La etiología del dolor --
-- Derrame sinovial y sinovitis --
-- Las evoluciones radiológicas y clínicas --
-- Pronóstico de evolución --
-- Etiología --
-- Patogenia de la fractura por fatiga hasta los factores de crecimiento
650 14 - SUBJECT ADDED ENTRY--TOPICAL TERM
9 (RLIN) 3541
Topical term or geographic name entry element Osteoartrosis
773 0# - HOST ITEM ENTRY
Host Biblionumber 1709
Host Itemnumber 3285
Main entry heading
Edition
Place, publisher, and date of publication [París]: Expascience, 2004
Other item identifier 5328
Title Osteoartrosis
Record control number
International Standard Serial Number
International Standard Book Number 8401655 (Obra Completa)
942 ## - ADDED ENTRY ELEMENTS (KOHA)
Source of classification or shelving scheme
Koha item type Libros
Edition 22
Existencias
Withdrawn status Lost status Source of classification or shelving scheme Damaged status Not for loan Permanent Location Current Location Date acquired Inventory number Full call number Barcode Date last seen Copy number Price effective from Koha item type Public note
          Biblioteca ISALUD. Dr. Néstor Rodríguez Campoamor Biblioteca ISALUD. Dr. Néstor Rodríguez Campoamor 2024-11-06 5329 616.722 3 Ex71 5329 2024-11-06 t. 1 2024-11-06 Libros Donación de Carlos Dacher